000 00603nam a2200241Ia 4500
003 OSt
005 20221005122807.0
006 a|||||r|||| 00| 0
007 ta
008 221004b |||||||| |||| 00| 0 tam d
024 _a49487
037 _cTextual
040 _aCRL
_cCRL
_btam
041 _2tam
_atam
082 _aO31,3N081x, K9
100 _aAnnadurai Au.
_9228637
245 0 _aKarpanai chitthiram
260 _c1969
650 _a TAMIL LITERATURE
650 _aTAMIL FICTION
942 _hO31,3N081x, K9
_cTEXL
_2cc
999 _c1045394
_d1045394